000 00538nam a2200181Ia 4500
005 20250923144504.0
008 008 250917s9999 xx 000 0 eng d
037 _aTextual
040 _aDSWL
_beng
_cDSWL
041 _aeng
_2eng
084 _qDSWL
100 _aSurathy, Leela
_9825407
245 0 _aStudy of narineketan , A home for destitute women and those rescued from moral danger and commercial vice
_cby Leela Surathy
260 _c1954
300 _aiii,60p.
942 _cTEXL
999 _c1439515
_d1439515